00564nam a2200205 a 4500001001300000003000900013005001700022008004100039020002300080082001500103100002300118245005300141260004200194300000900236500003500245505002200280650001800302650001500320700002300335nice12345678IN_TiNIC20260116014919.0050524s1976 newa grp 000 0 eng  a0074802 c10000a519.5bFER aFerguson, George A aStatistical Analysis in Psychology and Education aNew York bMcgraw-Hill Book Co c1976 a529p aincludes index and biblioraphy2 aAppendixes, Index aPsychometrics aStatistics1 aFerguson, George A